| 000 | 00410nam a22001457a 4500 | ||
|---|---|---|---|
| 005 | 20241211153053.0 | ||
| 008 | 241211b |||||||| |||| 00| 0 eng d | ||
| 020 | _a9789988626846 | ||
| 050 |
_aLB4I _b.G4 CHA |
||
| 245 | _aCHALLENGES OF EDUCATION IN GHANA IN THE 21ST CENTURY | ||
| 260 |
_aACCRA _bWOELI PUBLISHING SERVICES _cc2007 |
||
| 300 | _a306p | ||
| 700 | _aEDITED BY D.E.K. AMENUMEY | ||
| 942 |
_2lcc _cBK _n0 |
||
| 999 |
_c2065 _d2065 |
||